000
00234nam a2200121Ia 4500
100
_a
Aggarwal/R.S
942
_c
BK
245
_a
Quantitative Aptitude
260
_b
S.Chand
_c
2017
300
_a
952
546
_a
ENGLISH
999
_c
27910
_d
27910